Paesi più piccoli dalla a-z - Statistics

Statistiche generali
  • Questo quiz è stato fatto 206 volte
  • Il punteggio medio è 14 su 23
Statistiche sulle risposte
Territorio (in km^2) Risposta % Corretto
0,44 C Città del Vaticano
84%
11 437 Q Qatar
78%
527 970 Y Yemen
77%
309 500 O Oman
75%
27 750 H Haiti
72%
442,6 A Antigua e Barbuda
71%
21 N Nauru
69%
390 580 Z Zimbabwe
69%
26 T Tuvalu
66%
18 270 F Figi
63%
811 K Kiribati
63%
1,95 M Monaco
63%
12 200 V Vanuatu
63%
458 P Palau
62%
61,2 S San Marino
62%
431 B Barbados
61%
160 L Liechtenstein
60%
754 D Dominica
58%
26 338 R Ruanda
52%
344 G Grenada
48%
181,3 I Isole Marshall
43%
17 363 E Eswatini
37%
93 030 U Ungheria
27%
Nessun quiz corrispondente trovato
Distribuzione punteggi
Percentuale di utenti per punteggio
Percentile per numero di risposta
I tuoi punteggi nel tempo
Non hai fatto questo quiz